000 00761nam a22001697a 4500
999 _c63818
_d63818
003 Ge_BSU
005 20260127203527.0
008 260127s1975 ge ||||| |||| 00| 0 geo d
041 _ageo
080 _a336(479.22)(09) 94(479.22) ჩ-21
100 _aჩანტლაძე, ვასილ
_94363
245 _aფინანსები რეფორმამდელ აღმოსავლეთ საქართველოში :
_b1801-1864 წ.წ. /
_cვასილ ჩანტლაძე.
264 _aთბილისი :
_bთბილ. უნ-ტის გამ-ბა,
_c1975.
300 _a550 გვ. ;
_b22 სმ.
653 _aსაქართველოს ფინანსები
942 _2udc
_cᲬᲘᲒᲜᲘ